Basic Malaysian tax

Bibliographic Details
Main Author: Chinnadurai Muthuraman (Author)
Format: Book
Language:English
Published: Seremban : Annapoorani Sdn Bhd. 1983
Subjects:

MARC

LEADER 00000cam a2200000 7i4500
001 0000013120
005 20241021.0
008 030925 my eng
040 |a INS   |b eng   |e rda 
090 0 0 |a HJ2950.6   |b .C55 1983 
100 1 |a Chinnadurai Muthuraman ,   |e author 
245 1 0 |a Basic Malaysian tax   |c Chinnadurai Muthuraman 
264 1 |a Seremban :   |b Annapoorani Sdn Bhd.   |c 1983 
300 |a vi, 98 pages :   |b illustrations ;   |c 30 cm. 
336 |a text  |2 rdacontent 
337 |a unmediated  |2 rdamedia 
338 |a volume  |2 rdacarrier 
650 0 |a Taxation   |z Malaysia 
999 |a 0000016648   |b BOOK   |c Open Shelf   |e Default branch